Avant-propos (notice n° 1602483)
[ vue normale ]
| 000 -LEADER | |
|---|---|
| fixed length control field | 01954cam a2200169 4500500 |
| 005 - DATE AND TIME OF LATEST TRANSACTION | |
| control field | 20251228090628.0 |
| 041 ## - LANGUAGE CODE | |
| Language code of text/sound track or separate title | fre |
| 042 ## - AUTHENTICATION CODE | |
| Authentication code | dc |
| 100 10 - MAIN ENTRY--PERSONAL NAME | |
| Personal name | Daudin, Claire |
| Relator term | author |
| 245 00 - TITLE STATEMENT | |
| Title | Avant-propos |
| 260 ## - PUBLICATION, DISTRIBUTION, ETC. | |
| Date of publication, distribution, etc. | 2013.<br/> |
| 500 ## - GENERAL NOTE | |
| General note | 42 |
| 520 ## - SUMMARY, ETC. | |
| Summary, etc. | L’article examinera les développements de la législation italienne sur la protection des animaux, en les reliant à l’augmentation progressive de la sensibilisation du public à la souffrance animale et à la consolidation des mouvements et groupes de défense des animaux. À partir de la première loi anti-cruauté (1890), l’intense débat qui a accompagné la promulgation de la loi de 1913, la législation fasciste et les dispositions d’après-guerre seront analysés. Le propos se concentrera ensuite sur le tournant que le mouvement des droits des animaux, en Italie comme ailleurs, a connu à partir des années 1970-1980, culminant dans la naissance de nouveaux groupes de défense des animaux et anti-vivisection, et dans la riche législation des années 1990-2000. |
| 520 ## - SUMMARY, ETC. | |
| Summary, etc. | The essay analyzes the developments in Italian animal welfare legislation, linking them to the emergence of a growing sensitivity towards animal suffering and the consolidation of pro-animal societies and movements. Beginning with the first anticruelty law (1890), will be analyzed the great debate that accompanied the promulgation of the 1913 law, fascist legislation and post-war provisions. The essay also focuses on the turning point that the pro-animal movement, in Italy as elsewhere, experienced from the 1970s to 1980s, culminating in the birth of new animal rights and antivivisection groups, and in the wealthy legislation of the years 1990-2000. |
| 786 0# - DATA SOURCE ENTRY | |
| Note | Bulletin de l’Amitié Charles Péguy | 142 | 2 | 2013-04-02 | p. 165-168 | 0180-8567 |
| 856 41 - ELECTRONIC LOCATION AND ACCESS | |
| Uniform Resource Identifier | <a href="https://shs.cairn.info/revue-bulletin-de-lamitie-charles-peguy-2013-2-page-165?lang=fr&redirect-ssocas=7080">https://shs.cairn.info/revue-bulletin-de-lamitie-charles-peguy-2013-2-page-165?lang=fr&redirect-ssocas=7080</a> |
Pas d'exemplaire disponible.




Réseaux sociaux